000 00554nam a2200217Ia 4500
008 101110s9999 xx 000 0 und d
041 _aENGLISH
082 _bSR28706
100 _aBhattacharrya S.S.
245 _aPracticals in zoology FYBSc
260 _c2006
_bSheth Publication, Mumbai
300 _a203
365 _b100
520 _aBiology/Zoology
546 _aENGLISH
630 _aPracticals in zoology FYBSc
650 _aBiology/Zoology
655 _aBiology/Zoology
730 _aPracticals in zoology FYBSc
942 _cBOOK
999 _c821233
_d821230